000 00210nam a2200097Ia 4500
008 190216s9999||||xx |||||||||||||| ||und||
100 _aNull
245 0 _aHindi-Ghul Akash Ka Nime
260 _bNull
942 _cBK
999 _c17418
_d17418